00270 a2200109 450000100060000008200160000610000280002224500520005025000060010226000380010830000140014644406 a512.942 YOU aYoung M. David ; Adair aIterative solution of large linear systems, 1/e a1 aNYbDover publicationsc1971/2003 axxiv, 570